000 00664nam a22002297a 4500
005 20170124105939.0
010 _a870642
020 _c00.00
035 _a870642
037 _bCen Lib/Ret
040 _aDPL
_bEN
082 _a220.3
_2SEN
100 _aSen, Chitrabhanu
_910754
245 _aDictionary of the vedic riyuals :
_cby swami Chetanananda
_bbased on the srauta and grhya sutra /
260 _aDelhi
_bConcept publishing company
_c1989
270 _bDelhi
_a65-F, Anand nagar
300 _a166p.:
_c21cm(Hb)
_bill.
500 _a
650 _aHinduism
_910755
650 _aHindu ethics
_910756
942 _2ddc
_cEN
_h220.3
_mSEN
999 _c124433
_d124433